000 00699nam a2200217Ia 4500
003 GCL
008 140319s9999 xx 000 0 ara d
040 _aGCL /
_cGCL
082 0 4 _a327.2
_bى ن
100 1 _aيوسف الحسن
_vClassifier
_@
…صنف
245 1 0 _aنحو دبلوماسية عربية معاصرة /
_cيوسف الحسن
260 _a[S.N] :
_bالمؤسسة العربية للدراسات والنشر ،
_c1994
300 _a160 ص
490 _a
650 0 4 _aالعالم العربى
650 0 4 _aاسرائيل
650 0 4 _aالدبلوماسية
650 0 4 _aالدبلوماسيون
650 0 4 _aالسلك الدبلوماسى
942 _2ddc
_cBK
999 _c31040
_d31040